| 000 | 00440cam a2200169ua 4500 | ||
|---|---|---|---|
| 020 | _c8.00 | ||
| 041 |
_amal _h |
||
| 082 |
_a954 _bISH/MA |
||
| 100 | _aIshaq, Padmavathi . | ||
| 245 |
_aMadhyakala India charithram / _cPadmavathi Ishaq. _hTextual Documents |
||
| 260 |
_aThiruvananthapuram : _bState Instititute of Languages , _c1970. |
||
| 300 | _a275 ; . | ||
| 365 | _a8.00 | ||
| 504 | _a | ||
| 942 | _cBK | ||
| 999 |
_c4558 _d4558 |
||